| 000 | 01133 a2200265 4500 | ||
|---|---|---|---|
| 999 |
_c3256 _d3256 |
||
| 020 | _a9780073104447 (v. 1 : acidfree paper) | ||
| 020 | _a0073104442 (v. 1 : acidfree paper) | ||
| 020 | _a9780077214241 (v. 2 : acidfree paper) | ||
| 020 | _a0077214242 (v. 2 : acidfree paper) | ||
| 020 | _a9780077214227 (v. 3 : acidfree paper) | ||
| 020 | _a0077214226 (v. 3 : acidfree paper) | ||
| 050 | 0 | 0 | _aPN45 DEL 2009 |
| 100 | 1 |
_aDelbanco, Nicholas. _eauthor |
|
| 245 | 1 | 0 |
_aLiterature : _bcraft and voice : volume 1 Fiction / _cNicholas Delbanco, Alan Cheuse. |
| 250 | _a1st ed. | ||
| 264 |
_aNew York _bMcGraw Hill _c2009 |
||
| 300 |
_a613p. : _bcol. ill. ; |
||
| 500 | _aIncludes index. | ||
| 500 | _a3 vols. planned. | ||
| 650 | 0 | _aLiterature. | |
| 700 | 1 |
_aCheuse, Alan. _eauthor |
|
| 942 |
_2lcc _cBK _e1st ed. _h45 _iDEL _kPN |
||